• 首页
  • 本馆介绍
  • 公告通知
  • 最新文献
  • 馆藏检索
  • 电子资源
  • 读者导购
  • 参考咨询
  • 我的图书馆
  • 登录
  • 详细信息显示
  • 放入我的书架
  • 预约/预借图书
  • 作者相关作品
  • 分类相关作品
  • 丛书相关作品
  • 出版社相关作品

书目信息

  • 表格格式
  • 工作单格式
  • 卡片格式
题名:
时间序列分析的小波方法
    
 
作者: Percival , Walden 著 ;程正兴 译
分册:  
出版信息: 北京   机械工业出版社  2006
页数: 16,562页
开本: 24cm
丛书名: 华章数学译丛
单 册:
中图分类: O211.61
科图分类:
主题词: 调和分析--应用--时间序列分析
电子资源:
ISBN: 7-111-17806-8
000 01061oam2 2200301 450
001 012006019651
005 20061121084154.70
010    @a7-111-17806-8@dCNY69.00
100    @a20060417d2006 em y0chiy0110 ea
101 1  @achi@ceng
102    @aCN@b110000
105    @aa z 000yy
200 1  @a时间序列分析的小波方法@9shi jian xu lie fen xi de xiao bo fang fa@f(美)Donald B.Percival,(英)Andrew T.Walden著@g程正兴等译
210    @a北京@c机械工业出版社@d2006
215    @a16,562页@c图@d24cm
225 2  @a华章数学译丛@v19
305    @a由英国剑桥大学出版社授权出版
330    @a本书详细地介绍了小波方法在时间序列分析中的应用,对小波分析所需要的数学知识进行了简洁实用的讲解。
461  0 @12001 @a华章数学译丛@v19
510 1  @aWavelet methods for time series analysis@zeng
606 0  @a调和分析@x应用@x时间序列分析
610 0  @a小波分析
690    @aO211.61@v4
701  1 @aPercival@bDonald B.@4著
701  1 @aWalden@bAndrew T.@4著
702  0 @a程正兴@9cheng zheng xing@4译
801  0 @aCN@bRENTIAN@c20061121
905    @a10447@dO211.61@e210
    
    时间序列分析的小波方法/(美)Donald B.Percival,(英)Andrew T.Walden著/程正兴等译.-北京:机械工业出版社,2006
    16,562页:图;24cm.-(华章数学译丛;19)
    
    
    ISBN 7-111-17806-8:CNY69.00
    本书详细地介绍了小波方法在时间序列分析中的应用,对小波分析所需要的数学知识进行了简洁实用的讲解。
●
相关链接 在E读中查询图书 在五车中查询图书 在当当中查询图书 在豆瓣中查询图书


正题名:时间序列分析的小波方法     索取号:O211.61/210         预约/预借

序号 登录号 条形码 馆藏地/架位号 状态 备注
1 0393850   203938506   第二样本阅览室/ [索取号:O211.61/210] 在馆    
2 0393851   203938515   第三借阅区/ [索取号:O211.61/210] 在馆    
3 0393852   203938524   第三借阅区/ [索取号:O211.61/210] 在馆    
唐山师范学院图书馆 欢迎您!
大连网信软件有限公司© 版权所有